000 00308nam a2200157Ia 4500
100 _aHandel/R/ Huber
250 _a2
942 _cBK
654 _aComputer
245 _aATM Networks
260 _bADDISON WESLEY
_c1999
082 _a4.6
_bHAN/HUB
300 _a327
546 _aENGLISH
999 _c22913
_d22913